| 000 | 00979nam a2200265Ia 4500 | ||
|---|---|---|---|
| 003 | OSt | ||
| 005 | 20221005111741.0 | ||
| 006 | a|||||r|||| 00| 0 | ||
| 007 | ta | ||
| 008 | 221004b |||||||| |||| 00| 0 hin d | ||
| 024 | _a110051 | ||
| 037 | _cTextual | ||
| 040 |
_aCRL _cCRL _bhin |
||
| 041 |
_2hin _ahin |
||
| 082 | _aO142,3x, 152N0 | ||
| 100 | _aबुल्गोकोव, मिखाई | ||
| 245 | 0 | _aअनुपम और क्रूर संसार | |
| 246 | _aAnupam aur krūr sansāra | ||
| 260 |
_aमास्को _bरादुगा प्रकाशन सोवियत संघ _c1990 |
||
| 300 |
_a408 पृ0 _ccm. |
||
| 650 | _aहिन्दी साहित्य | ||
| 700 | _a प्लातोनोव, आन्द्रेई | ||
| 942 |
_hO142,3x, 152N0 _cTEXL _2cc |
||
| 999 |
_c1022779 _d1022779 |
||